The Team Project Method In Managers Training; The Turkish Online Journal of Educational Technology (TOJET); Spec. iss. 1 (2015, July) : 15th International Educational Technology Conference - IETC 2015
| Parent link: | The Turkish Online Journal of Educational Technology (TOJET) Spec. iss. 1 (2015, July) : 15th International Educational Technology Conference - IETC 2015.— 2015.— [P. 566-573] |
|---|---|
| Autor Principal: | |
| Autor Corporativo: | |
| Outros autores: | , |
| Summary: | Title screen Modern managers’ training today is carried out in a rapidly changing environment. Especially importantcompetencies for managers are the ability to respond quickly to environmental challenges, to make appropriatedecisions and to communicate effectively in their team. All of these competencies can be fully developed in theteam project framework. The authors believe that their experiences of intercultural management and globaleconomy teaching with the help of the project method are proving this point. |
| Idioma: | inglés |
| Publicado: |
2015
|
| Subjects: | |
| Acceso en liña: | http://www.tojet.net/special/2015_7_1.pdf#page=580 |
| Formato: | Electrónico Capítulo de libro |
| KOHA link: | https://koha.lib.tpu.ru/cgi-bin/koha/opac-detail.pl?biblionumber=648302 |
MARC
| LEADER | 00000naa0a2200000 4500 | ||
|---|---|---|---|
| 001 | 648302 | ||
| 005 | 20250905164328.0 | ||
| 035 | |a (RuTPU)RU\TPU\network\13459 | ||
| 090 | |a 648302 | ||
| 100 | |a 20160517d2015 k||y0engy50 ba | ||
| 101 | 0 | |a eng | |
| 135 | |a drgn ---uucaa | ||
| 181 | 0 | |a i | |
| 182 | 0 | |a b | |
| 200 | 1 | |a The Team Project Method In Managers Training |f E. G. Leontyeva, S. L. Eremina (Eriomina), E. D. Roo | |
| 203 | |a Text |c electronic | ||
| 300 | |a Title screen | ||
| 330 | |a Modern managers’ training today is carried out in a rapidly changing environment. Especially importantcompetencies for managers are the ability to respond quickly to environmental challenges, to make appropriatedecisions and to communicate effectively in their team. All of these competencies can be fully developed in theteam project framework. The authors believe that their experiences of intercultural management and globaleconomy teaching with the help of the project method are proving this point. | ||
| 461 | |t The Turkish Online Journal of Educational Technology (TOJET) | ||
| 463 | |t Spec. iss. 1 (2015, July) : 15th International Educational Technology Conference - IETC 2015 |o Istanbul, Turkey, May 27-29, 2015 |v [P. 566-573] |d 2015 | ||
| 610 | 1 | |a электронный ресурс | |
| 610 | 1 | |a труды учёных ТПУ | |
| 610 | 1 | |a менеджеры | |
| 610 | 1 | |a команда | |
| 610 | 1 | |a обучение | |
| 700 | 1 | |a Leontyeva |b E. G. |c specialist in the field of management |c Associate Professor of Tomsk Polytechnic University, Candidate of philosophical sciences |f 1964- |g Elena Gennadievna |3 (RuTPU)RU\TPU\pers\33061 | |
| 701 | 1 | |a Eremina (Eriomina) |b S. L. |c economist |c professor of Tomsk Polytechnic University |c Doctor of Economics (DEc) |f 1955- |g Sofia Leonidovna |3 (RuTPU)RU\TPU\pers\30581 |9 14875 | |
| 701 | 1 | |a Roo |b E. D. |g Ekaterina Dmitrievna | |
| 712 | 0 | 2 | |a Национальный исследовательский Томский политехнический университет (ТПУ) |b Институт социально-гуманитарных технологий (ИСГТ) |b Кафедра инженерного предпринимательства (ИП) |3 (RuTPU)RU\TPU\col\18857 |
| 801 | 2 | |a RU |b 63413507 |c 20160525 |g RCR | |
| 856 | 4 | |u http://www.tojet.net/special/2015_7_1.pdf#page=580 | |
| 942 | |c CF | ||